Experiencias de un traductor
Furkejuvvon:
| Váldodahkki: | |
|---|---|
| Materiálatiipa: | Girji |
| Giella: | espánnjágiella |
| Almmustuhtton: |
Madrid
Gredos
2006
|
| Ráidu: | Biblioteca Románica Hispánica. Estudios y Ensayos, 447
|
| Fáttát: | |
| Fáddágilkorat: |
Lasit fáddágilkoriid
Eai fáddágilkorat, Lasit vuosttaš fáddágilkora!
|
MARC
| LEADER | 00000nam a2200000 a 4500 | ||
|---|---|---|---|
| 001 | UCI0471 | ||
| 003 | CL-VaPUC | ||
| 008 | 070511e20060000SP |||||||||||||||||spa|d | ||
| 020 | |a 8424927990 | ||
| 082 | 0 | 4 | |a 461.5 |b GAR |2 21 |
| 100 | |a García Yebra, Valentín |e author |9 592146 | ||
| 245 | 1 | 0 | |a Experiencias de un traductor |
| 300 | |a 318 p | ||
| 942 | |c BK | ||
| 945 | |d 20070511 00:00:00 |a jtorresc | ||
| 260 | |a Madrid |b Gredos |c 2006 | ||
| 650 | 7 | |a LENGUAJE ESPAÑOL |2 CL-VaPUC |9 520620 | |
| 650 | 0 | |a Lexicografía |9 321487 | |
| 650 | 0 | |a Traductores |9 357262 | |
| 650 | 7 | |a GRAMATICA ESPAÑOL |2 CL-VaPUC |9 520621 | |
| 583 | |a last modification |c 20130305 11:19:23 |k Rodrigo Vera | ||
| 490 | 0 | |a Biblioteca Románica Hispánica. Estudios y Ensayos, 447 | |
| 999 | |c 325624 |d 325622 | ||
| 952 | |0 0 |1 0 |4 0 |6 461_500000000000000_GAR_2006 |7 0 |8 A |9 406681 |a FDOPOS |b FDOPOS |d 2019-11-22 |i 4303466 |o 461.5 GAR 2006 |p 4303466 |r 2025-01-22 |w 2019-11-22 |y BK |k MLH | ||